LEADER 00897nam0-22003011i-450- 001 990001865630403321 005 20021010 035 $a000186563 035 $aFED01000186563 035 $a(Aleph)000186563FED01 035 $a000186563 100 $a20021010d--------km-y0itay50------ba 101 0 $aita 200 1 $a<>possibile soluzione del problema doganale$ei buoni d' importazione$fGiovanni Angrisani. 210 $aRoma$c...$d1918. 215 $a12 p.$d24 cm 300 $aEstr. da: Giornale degli economisti e Rivista di statistica, novembre 1918 610 0 $aDogane 676 $a350.727 700 1$aAngrisani,$bGiovanni$081917 801 0$aIT$bUNINA$gRICA$2UNIMARC 901 $aBK 912 $a990001865630403321 952 $a60 MISC. B 134/9$b$fFAGBC 959 $aFAGBC 996 $aPossibile soluzione del problema doganale$9401602 997 $aUNINA DB $aING01 LEADER 01090nam2-2200361---450- 001 990003612690203316 005 20120118140721.0 010 $a978-88-02-07745-1 035 $a000361269 035 $aUSA01000361269 035 $a(ALEPH)000361269USA01 035 $a000361269 100 $a20120118d2007----km-y0itay50------ba 101 $aita 102 $aIT 105 $a||||||||001yy 200 1 $a[2]: Dizionario 2. H-W$fdirezione scientifica di Marcello Flores$gcoordinamento di Marcello Flores, Tania Groppi, Riccardo Pisillo Mazzeschi 210 $aTorino$cUTET$d2007 215 $aP. 696-1443$cill.$d25 cm 461 1$1001000361264$12001 606 0 $aDiritti umani$xStoria$2BNCF 676 $a323 702 1$aPISILLO MAZZESCHI,$bRiccardo 702 1$aGROPPI,$bTania 702 1$aFLORES,$bMarcello 801 0$aIT$bsalbc$gISBD 912 $a990003612690203316 951 $a323 DIR 1 2$b233413 L.M.$c323 DIR$d00305338 959 $aBK 969 $aECO 979 $aMARTUCCIEL$b90$c20120118$lUSA01$h1407 996 $aDizionario 2. H-W$91137359 997 $aUNISA